120 cinéastes incontournables en photo - Statistiques

Statistiques générales
  • Ce quiz a été pris 72 fois
  • Le résultat moyen est 34 sur 120
Statistiques - réponses
Par images Hint Réponse % Correct
France | L'Arrivée d'un train en gare de La Ciotat Louis Lumière
90%
États-Unis, Royaume-Uni | Psychose Alfred Hitchcock
87%
France, Royaume-Uni | Les 400 coups François Truffaut
82%
États-Unis, Royaume-Uni, France | Citizen Kane Orson Welles
80%
France | Le Voyage dans la Lune Georges Méliès
79%
Japon, Union Soviétique | Les sept samouraïs Akira Kurosawa
77%
États-Unis, Royaume-Uni | Les Lumières de la ville Charles Chaplin
77%
France, Suisse, États-Unis | Histoire(s) du cinéma Jean-Luc Godard
72%
Italie | La Dolce Vita Federico Fellini
70%
Allemagne, États-Unis, France | Metropolis Fritz Lang
67%
États-Unis | Le Mécano de la General Buster Keaton
64%
France | La Belle et la Bête Jean Cocteau
64%
France, États-Unis | Les Demoiselles de Rochefort Jacques Demy
62%
États-Unis | La Prisonnière du désert John Ford
62%
France, Japon | Hiroshima mon amour Alain Resnais
59%
France | Playtime Jacques Tati
59%
Mexique, France, Espagne | Un chien andalou Luis Buñuel
59%
France, États-Unis, Italie | La Règle du jeu Jean Renoir
57%
Italie, Allemagne | Le Guépard Lucchino Visconti
57%
France | Napoléon Abel Gance
56%
Suède, Allemagne | Les Fraises Sauvages Ingmar Bergman
56%
France | L'Armée des ombres Jean-Pierre Melville
56%
États-Unis | La vie est belle Frank Capra
49%
États-Unis | Chelsea Girls Andy Warhol
48%
France | La Maman et la Putain Jean Eustache
48%
Italie, France, Allemagne | Rome, ville ouverte Roberto Rossellini
48%
France | Les Bonnes Femmes Claude Chabrol
46%
Allemagne, États-Unis | L'Aurore Friedrich Wilhelm Murnau
46%
Union Soviétique | Le Cuirassé Potemkine Sergueï Mikhaïlovitch Eisenstein
46%
Japon | Voyage à Tokyo Yasujirō Ozu
46%
États-Unis | Naissance d'une nation David Wark Griffith
44%
France | Au hasard Balthazar Robert Bresson
44%
France | India Song Marguerite Duras
43%
Italie | Des oiseaux, petits et gros Pier Paolo Pasolini
43%
Belgique, France, États-Unis | Jeanne Dielman Chantal Akerman
41%
France, Allemagne | Les Nuits de la pleine lune Éric Rohmer
38%
France | La Belle Noiseuse Jacques Rivette
38%
Italie, Royaume-Uni, États-Unis | L'Avventura Michelangelo Antonioni
38%
Iran, Italie, Japon | Close-up Abbas Kiarostami
36%
États-Unis | Rio Bravo Howard Hawks
33%
Japon | Les Contes de la lune vague après la pluie Kenji Mizoguchi
33%
États-Unis | Docteur Jerry et Mister Love Jerry Lewis
31%
États-Unis, Autriche | Laura Otto Preminger
31%
Union Soviétique | L'Homme à la caméra Dziga Vertov
30%
États-Unis | La Fièvre dans le sang Elia Kazan
30%
France | L'Atalante Jean Vigo
30%
Danemark, Allemagne, France | Gertrud Carl Theodor Dreyer
28%
États-Unis | Samson et Dalila Cecil Blount DeMille
28%
Allemagne, États-Unis | Jeux dangereux Ernst Lubitsch
28%
France | Casque d'or Jacques Becker
28%
États-Unis | Johnny Guitare Nicholas Ray
28%
France | Thérèse Alain Cavalier
26%
États-Unis, France, Royaume-Uni | La Féline Jacques Tourneur
26%
France, États-Unis, Allemagne | Madame de… Max Ophüls
26%
France | Le Roman d'un tricheur Sacha Guitry
26%
États-Unis | Pink Flamingos John Waters
25%
France | Les Vampires Louis Feuillade
25%
Finlande, France, Royaume-Uni | L'Homme sans passé Aki Kaurismäki
23%
États-Unis | Les Rapaces Erich von Stroheim
23%
Chine, États-Unis, France | À l'Ouest des rails Wang Bing
23%
France, Niger, Ghana | Les Maîtres Fous Jean Rouch
21%
Portugal, France | Val Abraham Manoel de Oliveira
21%
Sénégal, France, Burkina Faso | La Noire de… Ousmane Sembène
21%
Royaume-Uni, Norvège, France | La Commune (Paris, 1871) Peter Watkins
21%
États-Unis, Italie | Gentleman Jim Raoul Walsh
21%
États-Unis, France, Royaume-Uni | Titicut Follies Frederick Wiseman
20%
France | Angèle Marcel Pagnol
20%
Iran | Le Cercle Jafar Panahi
18%
États-Unis | Elle et lui Leo McCarey
18%
États-Unis | Tous en scène Vincent Minnelli
18%
Égypte | Gare centrale Youssef Chahine
18%
Taïwan, France, Malaisie | Goodbye, Dragon Inn Tsai Ming-liang
16%
Espagne | Fermer les yeux Víctor Erice
16%
Italie | Le Fanfaron Dino Risi
15%
Allemagne, Italie, France | Chronique d'Anna Magdalena Bach Jean-Marie Straub et Danièle Huillet
13%
France, États-Unis, Colombie | Le Mystère von Bülow Barbet Schroeder
11%
États-Unis, Allemagne | Mirage de la vie Douglas Sirk
11%
Brésil, Italie | Le Dieu Noir et le Diable Blond Glauber Rocha
11%
États-Unis, Allemagne, Japon | L'Ange Bleu Josef von Sternberg
11%
France, États-Unis | Anatomie d'un rapport Luc Moullet
11%
Japon | Nuages flottants Mikio Naruse
11%
France, Algérie | Dernier maquis Rabah Ameur-Zaïmèche
11%
États-Unis | Nanouk l'Esquimau Robert Flaherty
11%
États-Unis, Allemagne | Le Port de la drogue Samuel Fuller
11%
Union Soviétique | Sayat Nova Sergueï Iossifovitch Paradjanov
11%
France | Remorques Jean Grémillon
10%
Portugal, France | La Comédie de Dieu João César Monteiro
10%
Chili, France, Portugal | Les Mystères de Lisbonne Raúl Ruiz
10%
Suède, États-Unis | Le Vent Victor Sjöström
10%
Sénégal | Touki Bouki Djibril Diop Mambéty
8%
États-Unis, Allemagne, Italie | Détour Edgar Georg Ulmer
8%
États-Unis, Italie | L'Heure Suprême Frank Borzage
8%
États-Unis | Lone Star John Sayles
8%
États-Unis | Le Rebelle King Vidor
8%
Union Soviétique, France, Géorgie | Il était une fois un merle chanteur Otar Iosseliani
8%
États-Unis, France | Les Voyages de Sullivan Preston Sturges
8%
États-Unis | L'Ennemi Public William Wellman
8%
États-Unis | Sept hommes à abattre Budd Boetticher
7%
États-Unis | Jesse James Henry King
7%
France | Femmes, femmes Paul Vecchiali
7%
Union Soviétique | La Terre Alexandre Petrovytch Dovjenko
5%
États-Unis | Quatre étranges cavaliers Allan Dwan
5%
États-Unis, Royaume-Uni | Je suis un aventurier Anthony Mann
5%
États-Unis, Allemagne, Corée du Sud | One Way Boogie Woogie James Benning
5%
Philippines | Insiang Lino Brocka
5%
France | Simone Barbès ou la Vertu Marie-Claude Treilhou
5%
Allemagne, Italie, France | La Mort de Maria Malibran Werner Schroeter
5%
Union Soviétique | Au bord de la mer bleue Boris Barnet
3%
Allemagne | Vidéogrammes d'une révolution Harun Farocki
3%
États-Unis, Argentine, Italie | Quand les tambours s'arrêteront Hugo Fregonese
3%
Canada, États-Unis | La Région Centrale Michael Snow
3%
Canada | Pour la suite du monde Pierre Perrault
3%
Inde, Bangladesh | L'Étoile Cachée Ritwik Ghatak
3%
États-Unis, France | The Art of Vision Stan Brakhage
3%
Italie | Les cent cavaliers Vittorio Cottafavi
3%
Union Soviétique, Ukraine, Russie | Le Syndrome Asthénique Kira Mouratova
2%
Autriche | Arnulf Rainer Peter Kubelka
2%
Suisse, France, États-Unis | Dani, Michi, Renato & Max Richard Dindo
2%
Finlande | Le Chant de la fleur écarlate Teuvo Tulio
2%
Belgique | Babel Boris Lehman
0%
Aucun quiz correspondant
Distribution des résultats
% des personnes avec chaque résultat
Percentile par nombre de réponses
Votre historique - résultats
Vous n’avez pas pris ce quiz